Klicke auf kein europäisches Land (Sudden Death Reverse) - Statistiken

Allgemein
  • Dieses Quiz wurde 178 mal gespielt
  • Das Durchschnittsergebnis liegt bei 21 aus 23
Answers on the Grid
Answers color-coded by a green-red scale on the quiz's grid according to % correct below.
Donau
Mittelmeer
Kairo
Spitzbergen
Senegal
Kasachstan
Lissabon
Aserbaidschan
Graubünden
Gibraltar
Marokko
Panama
Grönland
Kreta
Österreich
Niederlande
Deutschland
Norwegen
Lettland
Island
Spanien
Kosovo
Montenegro
Albanien
Belarus
Russland
San Marino
Andorra
Portugal
Luxemburg
Slowakei
Dänemark
Kroatien
Danzig
Bayern
Katalonien
Chile
Pennsylvania
Queensland
Alpen
Braunschweig
Preußen
 
Antwortstatistiken
Antwort % Korrekt
Chile
94%
Kairo
94%
Pennsylvania
94%
Senegal
94%
Marokko
93%
Queensland
93%
Panama
92%
Alpen
90%
Kasachstan
90%
Donau
89%
Spitzbergen
89%
Aserbaidschan
88%
Bayern
88%
Braunschweig
88%
Mittelmeer
88%
Preußen
88%
Danzig
87%
Graubünden
87%
Katalonien
87%
Kreta
87%
Gibraltar
86%
Grönland
84%
Lissabon
81%
Keine übereinstimmenden Quizze gefunden
Verteilung der Resultate
Anzahl Personen mit jedem Resultat
Perzentil nach korrekt beantworteten Fragen
Ihre Resultats-Entwicklung
Sie haben dieses Quiz noch nicht gespielt